| 000 | 01776nam a22001217a 4500 | ||
|---|---|---|---|
| 003 | SGT | ||
| 082 | _a340,ICR | ||
| 100 | _aICRC | ||
| 245 | _aPROFESSIONAL STANDARDS FOR FROFETION | ||
| 260 |
_a NEW DELHI _bICRC _c2013 |
||
| 300 | _a114 | ||
| 942 |
_2ddc _cBK |
||
| 999 |
_c11302 _d11302 |
||